| 000 | 01002nam a2200325 a 4500 | ||
|---|---|---|---|
| 001 | 000030813 | ||
| 003 | DO-SdBPM | ||
| 005 | 20250703113522.0 | ||
| 007 | ta | ||
| 008 | 110530s2007 dr 000 0 spa d | ||
| 020 | _a9789945068504 | ||
| 040 |
_aDO-SdBPM _bspa _cBPMSU _erda |
||
| 082 | 4 |
_a843.91 _bS132p 2007 _222 |
|
| 092 | _b | ||
| 100 | 1 |
_aSaint-Exupêry, Antoine de, _d1900-1944 _eautor |
|
| 245 | 1 | 3 |
_aEl principito / _cAntoine de Saint-Exupêry ; editor Isael Pérez |
| 260 | _c | ||
| 264 |
_aSanto Domingo : _bEditorial Santuario, _c2007 |
||
| 300 |
_a102 páginas ; _c22 cm. |
||
| 336 |
_atexto _btxt _2rdacontent |
||
| 337 |
_asin mediación _bn _2rdamedia |
||
| 338 |
_avolumen _bnc _2rdacarrier |
||
| 590 | _aInventariado, 2025/VM | ||
| 650 | 7 | _a Cuentos juveniles franceses | |
| 650 | 7 | _a| Literatura juvenil francesa | |
| 650 | 7 |
_aAmistad _vCuentos juveniles | |
|
| 700 | 1 |
_aPérez, Isael _e editor |
|
| 910 | _aVMateo V. Control de calidad. BPMSU | ||
| 942 |
_2ddc _cBK |
||
| 999 |
_c7639 _d7639 |
||